| 000 | 00523 a2200217 4500 | ||
|---|---|---|---|
| 001 | 115944 | ||
| 020 | _a0152026223 | ||
| 041 | _aeng | ||
| 082 | _a[E] | ||
| 092 | _a00011933 | ||
| 250 | _a1st ed. | ||
| 300 | _a[32] p. | ||
| 697 | _aMountains - Fiction. | ||
| 856 | _u000031/000031f6.jpg | ||
| 040 |
_aBR-BrIDEA _cBR-BrIDEA |
||
| 090 |
_aP Year 6 [E] _bLOC |
||
| 100 |
_aLocker, Thomas _d1937-2012 |
||
| 245 | 1 | 0 |
_aMountain dance _c Thoma Locker |
| 260 |
_aNew York _bSilver Whistle/Harcourt _c2001 |
||
| 942 | _cBK | ||
| 999 |
_c115944 _d115944 |
||